Environmental chemistry

What makes this book so enduring? Completely revised, this ninth edition retains the organizational structure that has made past editions so popular with students and professors while updating coverage of principles, tools, and techniques to provide fundamental understanding of environmental chemist...

Descrizione completa

Salvato in:
Dettagli Bibliografici
Autore principale: Manahan, Stanley E.
Natura: Libro
Lingua:Undetermined
Pubblicazione: Boca Raton CRC Press 2010
Soggetti:
Tags: Aggiungi Tag
Nessun Tag, puoi essere il primo ad aggiungerne! !
Thư viện lưu trữ: Trung tâm Học liệu Trường Đại học Cần Thơ
LEADER 01352nam a2200229Ia 4500
001 CTU_154705
008 210402s9999 xx 000 0 und d
020 |c 882000 
082 |a 628 
082 |b M266 
100 |a Manahan, Stanley E. 
245 0 |a Environmental chemistry 
245 0 |c Stanley E. Manahan 
260 |a Boca Raton 
260 |b CRC Press 
260 |c 2010 
520 |a What makes this book so enduring? Completely revised, this ninth edition retains the organizational structure that has made past editions so popular with students and professors while updating coverage of principles, tools, and techniques to provide fundamental understanding of environmental chemistry and its applications. It includes end-of chapter questions and problems, and a solutions manual is available upon qualifying course adoptions. Rather than immediately discussing specific environmental problems, Manahan systematically develops the concept of environmental chemistry so that when he covers specific pollutions problems the background necessary to understand the problem has already been developed. 
526 |a Phân tích và đánh giá hóa lý nước,Hóa môi trường 
526 |b MT668,TN437 
650 |a Environmental chemistry 
904 |i Giang 
980 |a Trung tâm Học liệu Trường Đại học Cần Thơ